[Event "Grundfos Young Masters"]
[Site "Aarhus"]
[Date "2005.08.17"]
[Round "6"]
[White "Maze, Sebastien"]
[Black "Palo, Davor"]
[Result "0-1"]
[WhiteElo "2494"]
[BlackElo "2519"]
[PlyCount "90"]
[EventDate "2005.08.14"]
[EventType "tourn"]
[EventRounds "9"]
[EventCountry "DEN"]
[EventCategory "10"]
[SourceTitle "CBM 107 Extra"]
[Source "ChessBase"]
[SourceDate "2005.09.01"]

1. e4 c6 2. d4 d5 3. e5 Bf5 4. Nf3 e6 5. a3 Nd7 6. Be2 Ne7 7. O-O h6 8. Nbd2
Bh7 9. b4 a5 10. b5 c5 11. Re1 cxd4 12. Nxd4 Nf5 13. Nxf5 Bxf5 14. Bb2 Nc5 15.
c4 d4 16. Nb3 d3 17. Bf3 Qd7 18. Nd4 Bg6 19. a4 Be7 20. Nc6 O-O 21. Nxe7+ Qxe7
22. Ba3 Rac8 23. Qd2 b6 24. Bc6 Rfd8 25. Qf4 Rxc6 26. bxc6 Qc7 27. Bxc5 bxc5
28. Qd2 Rb8 29. Re3 Rb4 30. Rxd3 Bxd3 31. Qxd3 Qxc6 32. Qd8+ Kh7 33. Qxa5 Qe4
34. Rf1 Qxe5 35. Qa7 Rxc4 36. a5 Ra4 37. a6 Qd6 38. Qxf7 Qxa6 39. g3 Ra1 40.
Rxa1 Qxa1+ 41. Kg2 Qe5 42. h4 c4 43. h5 Qe4+ 44. f3 Qc2+ 45. Kf1 Qd3+ 0-1

[Event "Grundfos Young Masters"]
[Site "Aarhus"]
[Date "2005.08.14"]
[Round "1"]
[White "Maze, Sebastien"]
[Black "Glud, Jakob Vang"]
[Result "1-0"]
[WhiteElo "2494"]
[BlackElo "2313"]
[PlyCount "43"]
[EventDate "2005.08.14"]
[EventType "tourn"]
[EventRounds "9"]
[EventCountry "DEN"]
[EventCategory "10"]
[SourceTitle "CBM 107 Extra"]
[Source "ChessBase"]
[SourceDate "2005.09.01"]

1. e4 c5 2. Nf3 e6 3. d4 cxd4 4. Nxd4 a6 5. Nc3 b5 6. g3 Bb7 7. Bg2 Nf6 8. O-O
d6 9. Re1 Nbd7 10. e5 Bxg2 11. exf6 Bb7 12. Nxe6 fxe6 13. Rxe6+ Kf7 14. fxg7
Kxg7 15. Qg4+ Kf7 16. Qf5+ Nf6 17. Nd5 Bxd5 18. Rxf6+ Qxf6 19. Qxd5+ Qe6 20.
Qxa8 Qe1+ 21. Kg2 Bg7 22. Qd5+ 1-0

[Event "Grundfos Young Masters"]
[Site "Aarhus"]
[Date "2005.08.16"]
[Round "4"]
[White "Maze, Sebastien"]
[Black "Kuzubov, Yuriy"]
[Result "1/2-1/2"]
[WhiteElo "2494"]
[BlackElo "2535"]
[PlyCount "41"]
[EventDate "2005.08.14"]
[EventType "tourn"]
[EventRounds "9"]
[EventCountry "DEN"]
[EventCategory "10"]
[SourceTitle "CBM 107 Extra"]
[Source "ChessBase"]
[SourceDate "2005.09.01"]

1. e4 c5 2. Nf3 Nc6 3. Bb5 g6 4. O-O Bg7 5. Re1 Nf6 6. e5 Nd5 7. Nc3 Nc7 8.
Bxc6 dxc6 9. Ne4 b6 10. d3 O-O 11. h3 Be6 12. Bd2 Bd5 13. Qc1 f5 14. exf6 exf6
15. Bh6 Qd7 16. Bxg7 Qxg7 17. c4 Bxe4 18. dxe4 Ne6 19. Qc3 Rad8 20. Rad1 Qe7
21. g3 1/2-1/2

[Event "Grundfos Young Masters"]
[Site "Aarhus"]
[Date "2005.08.17"]
[Round "5"]
[White "Miton, Kamil"]
[Black "Maze, Sebastien"]
[Result "1-0"]
[WhiteElo "2589"]
[BlackElo "2494"]
[PlyCount "71"]
[EventDate "2005.08.14"]
[EventType "tourn"]
[EventRounds "9"]
[EventCountry "DEN"]
[EventCategory "10"]
[SourceTitle "CBM 107 Extra"]
[Source "ChessBase"]
[SourceDate "2005.09.01"]

1. d4 Nf6 2. c4 e6 3. Nf3 c5 4. d5 exd5 5. cxd5 d6 6. Nc3 g6 7. g3 Bg7 8. Bg2
O-O 9. O-O Na6 10. Nd2 Rb8 11. a4 Nb4 12. Nc4 Ne8 13. Bf4 g5 14. Bd2 f5 15. Qb3
Kh8 16. Nb1 f4 17. Bxb4 cxb4 18. Qxb4 Bg4 19. Nc3 Rc8 20. Nd2 Nc7 21. Nde4 Be5
22. Qxb7 a6 23. Rac1 Rb8 24. Qc6 Qe7 25. Nxg5 Qxg5 26. Qxc7 Rxb2 27. Ne4 Qh6
28. Rc2 Bxe2 29. Rxb2 fxg3 30. hxg3 Bxf1 31. Rb8 Bd3 32. Ng5 Bg6 33. Ne6 Rg8
34. f4 Be8 35. Qe7 Qh5 36. fxe5 1-0

[Event "Grundfos Young Masters"]
[Site "Aarhus"]
[Date "2005.08.19"]
[Round "8"]
[White "Miton, Kamil"]
[Black "Palo, Davor"]
[Result "1-0"]
[WhiteElo "2589"]
[BlackElo "2519"]
[PlyCount "87"]
[EventDate "2005.08.14"]
[EventType "tourn"]
[EventRounds "9"]
[EventCountry "DEN"]
[EventCategory "10"]
[SourceTitle "CBM 107 Extra"]
[Source "ChessBase"]
[SourceDate "2005.09.01"]

1. d4 Nf6 2. Nf3 e6 3. g3 d5 4. Bg2 Be7 5. O-O O-O 6. c4 dxc4 7. Qc2 a6 8. Qxc4
b5 9. Qc2 Bb7 10. Bd2 Ra7 11. a4 b4 12. Bg5 Be4 13. Qc1 Nbd7 14. Nbd2 Bd5 15.
Qc2 c5 16. Rac1 Rc7 17. Rfd1 h6 18. Bf4 Rc8 19. Ne5 Bxg2 20. Kxg2 cxd4 21. Nc6
Rxc6 22. Qxc6 e5 23. Nf3 exf4 24. Rxd4 fxg3 25. hxg3 Qb6 26. Qxb6 Nxb6 27. Rc6
Rb8 28. b3 a5 29. Ne5 Nfd5 30. Nc4 Bf6 31. Rd3 Nxc4 32. Rxd5 Ne5 33. Rcc5 Re8
34. e3 g5 35. Rxa5 g4 36. Rab5 Kg7 37. Rxb4 h5 38. Re4 Kg6 39. b4 Ra8 40. b5
Nf3 41. Rc4 Bd8 42. b6 f6 43. b7 Rb8 44. Rb5 1-0

[Event "Grundfos Young Masters"]
[Site "Aarhus"]
[Date "2005.08.14"]
[Round "1"]
[White "Miton, Kamil"]
[Black "Balogh, Csaba"]
[Result "1-0"]
[WhiteElo "2589"]
[BlackElo "2537"]
[PlyCount "133"]
[EventDate "2005.08.14"]
[EventType "tourn"]
[EventRounds "9"]
[EventCountry "DEN"]
[EventCategory "10"]
[SourceTitle "CBM 107 Extra"]
[Source "ChessBase"]
[SourceDate "2005.09.01"]

1. Nf3 Nf6 2. c4 e6 3. Nc3 Bb4 4. Qc2 O-O 5. a3 Bxc3 6. Qxc3 b6 7. e3 Bb7 8.
Be2 d6 9. O-O a5 10. b3 Nbd7 11. Bb2 Qe7 12. d4 Ne4 13. Qc2 f5 14. Ne1 Qg5 15.
Qc1 Rf6 16. f3 Qh5 17. Bd1 Rh6 18. fxe4 Qxh2+ 19. Kf2 Nf6 20. Ke2 Bxe4 21. Bc2
Bxg2 22. Nxg2 Qxg2+ 23. Rf2 Qg5 24. Qg1 Ng4 25. Qg3 Qh5 26. Rg2 Ne5+ 27. Kd2
Rg6 28. Qf2 Nf3+ 29. Kc3 Qh3 30. Rxg6 hxg6 31. Rf1 Nh2 32. Rh1 Ng4 33. Rxh3
Nxf2 34. Rg3 Kf7 35. b4 axb4+ 36. Kxb4 Rh8 37. Rg2 Ng4 38. Bc1 Rh3 39. Re2 e5
40. Kb5 f4 41. exf4 exd4 42. Rg2 Ne3 43. Bxe3 Rxe3 44. a4 d3 45. Bd1 Re4 46.
Bb3 Ke8 47. Rxg6 d2 48. Rg2 Rxf4 49. Rxd2 Kd7 50. Rg2 Rf5+ 51. Kb4 g5 52. Rh2
Kc6 53. Rh6 Kb7 54. Rg6 Re5 55. Rg7 Rc5 56. Bd1 Rf5 57. Bg4 Rf4 58. Be6 Rf1 59.
Bd5+ Ka6 60. Rxc7 Rb1+ 61. Kc3 Rc1+ 62. Kb2 Rf1 63. Rd7 Rf6 64. Kc3 g4 65. Rd8
b5 66. Ra8+ Kb6 67. a5+ 1-0

[Event "Grundfos Young Masters"]
[Site "Aarhus"]
[Date "2005.08.18"]
[Round "7"]
[White "Miton, Kamil"]
[Black "Bogner, Sebastian"]
[Result "1-0"]
[WhiteElo "2589"]
[BlackElo "2361"]
[PlyCount "77"]
[EventDate "2005.08.14"]
[EventType "tourn"]
[EventRounds "9"]
[EventCountry "DEN"]
[EventCategory "10"]
[SourceTitle "CBM 107 Extra"]
[Source "ChessBase"]
[SourceDate "2005.09.01"]

1. d4 Nf6 2. c4 g6 3. Nf3 Bg7 4. g3 O-O 5. Bg2 d6 6. O-O Nbd7 7. Nc3 e5 8. h3
a6 9. dxe5 dxe5 10. Be3 c6 11. Qb3 Qe7 12. Rfd1 Re8 13. Na4 Ne4 14. Nd2 Nec5
15. Nxc5 Nxc5 16. Bxc5 Qxc5 17. Ne4 Qe7 18. Nd6 Rd8 19. c5 Bf8 20. Qb6 Be6 21.
Qxb7 Qxb7 22. Nxb7 Rdb8 23. Bxc6 Ra7 24. Nd6 Rxb2 25. Bd5 Bxd5 26. Rxd5 Rxe2
27. Rc1 Rc7 28. a4 Bh6 29. Rb1 Bf8 30. Rb8 Rc6 31. Rb6 Rc7 32. Rxa6 Rc2 33. Ra5
Rd7 34. Ra8 f6 35. a5 Rc7 36. a6 Ra2 37. Nb5 Rf7 38. c6 Ra5 39. c7 1-0

[Event "Grundfos Young Masters"]
[Site "Aarhus"]
[Date "2005.08.17"]
[Round "5"]
[White "Palo, Davor"]
[Black "Korobov, Anton"]
[Result "1-0"]
[WhiteElo "2519"]
[BlackElo "2554"]
[PlyCount "63"]
[EventDate "2005.08.14"]
[EventType "tourn"]
[EventRounds "9"]
[EventCountry "DEN"]
[EventCategory "10"]
[SourceTitle "CBM 107 Extra"]
[Source "ChessBase"]
[SourceDate "2005.09.01"]

1. d4 Nf6 2. c4 e6 3. Nc3 Bb4 4. Qc2 O-O 5. a3 Bxc3+ 6. Qxc3 b6 7. Bg5 Bb7 8.
e3 d6 9. Ne2 Nbd7 10. Qd3 c5 11. Nc3 Qc7 12. Be2 h6 13. Bh4 Bxg2 14. Rg1 Bb7
15. d5 Rae8 16. O-O-O exd5 17. cxd5 Ne5 18. Qf5 Nh7 19. Nb5 Qb8 20. f4 Ng6 21.
Bd3 Rxe3 22. Bb1 Rfe8 23. Qh5 Nhf8 24. f5 R8e5 25. Bf6 Bc8 26. Bxe5 Rxe5 27.
Rde1 Rxe1+ 28. Rxe1 Ne5 29. Rg1 Kh7 30. Nc3 Qc7 31. Ne4 c4 32. Rxg7+ 1-0

[Event "Grundfos Young Masters"]
[Site "Aarhus"]
[Date "2005.08.20"]
[Round "9"]
[White "Palo, Davor"]
[Black "Bogner, Sebastian"]
[Result "1-0"]
[WhiteElo "2519"]
[BlackElo "2361"]
[PlyCount "123"]
[EventDate "2005.08.14"]
[EventType "tourn"]
[EventRounds "9"]
[EventCountry "DEN"]
[EventCategory "10"]
[SourceTitle "CBM 107 Extra"]
[Source "ChessBase"]
[SourceDate "2005.09.01"]

1. d4 Nf6 2. c4 g6 3. Nc3 Bg7 4. e4 d6 5. f3 O-O 6. Be3 c5 7. Nge2 Qa5 8. Qd2
Nc6 9. d5 Ne5 10. Ng3 e6 11. Be2 exd5 12. cxd5 Re8 13. O-O a6 14. a3 Qc7 15.
Rac1 b6 16. b3 Rb8 17. a4 Ned7 18. Nh1 Nf8 19. Nf2 N6d7 20. Ng4 Nf6 21. Nh6+
Kh8 22. b4 Ng8 23. Nxg8 Kxg8 24. a5 b5 25. bxc5 dxc5 26. d6 Qxa5 27. Bxc5 Ne6
28. Be3 Bb7 29. Rfd1 Rbd8 30. Nd5 Qxd2 31. Rxd2 Be5 32. Ne7+ Kg7 33. Nc6 Bxd6
34. Nxd8 Rxd8 35. Rcd1 Bc7 36. Rxd8 Bxd8 37. Rd7 Bc6 38. Ra7 a5 39. Kf1 h6 40.
f4 Bxe4 41. Bxb5 g5 42. Bc4 Bf5 43. fxg5 hxg5 44. Rd7 Bf6 45. Rd5 Kg6 46. Rxa5
Bc3 47. Rb5 Kf6 48. Kf2 Be5 49. Bxe6 Kxe6 50. Bxg5 f6 51. Be3 Bd3 52. Rb6+ Kf5
53. h3 Ke4 54. g4 Bc3 55. Rb3 Be5 56. h4 Bc2 57. Rb5 Bd1 58. h5 Bxg4 59. Rb4+
Kf5 60. h6 Bd6 61. Rxg4 Kxg4 62. h7 1-0

[Event "Grundfos Young Masters"]
[Site "Aarhus"]
[Date "2005.08.15"]
[Round "3"]
[White "Palo, Davor"]
[Black "Areshchenko, Alexander"]
[Result "0-1"]
[WhiteElo "2519"]
[BlackElo "2625"]
[PlyCount "60"]
[EventDate "2005.08.14"]
[EventType "tourn"]
[EventRounds "9"]
[EventCountry "DEN"]
[EventCategory "10"]
[SourceTitle "CBM 107 Extra"]
[Source "ChessBase"]
[SourceDate "2005.09.01"]

1. d4 Nf6 2. c4 g6 3. Nf3 Bg7 4. g3 d5 5. cxd5 Nxd5 6. Bg2 Nb6 7. Nc3 Nc6 8. e3
O-O 9. O-O Re8 10. d5 Na5 11. Nd4 Bd7 12. Qe2 Qc8 13. Rd1 c6 14. e4 Bg4 15. Bf3
Bxf3 16. Qxf3 cxd5 17. Nxd5 Nxd5 18. exd5 Nc4 19. Qe2 Qc5 20. Nb3 Qb4 21. Rb1
Rac8 22. Nd2 Nd6 23. a3 Qa4 24. b3 Qb5 25. Qxb5 Nxb5 26. Ne4 f5 27. d6 Red8 28.
d7 Rc6 29. Bg5 Kf7 30. Rd5 Nxa3 0-1

[Event "Grundfos Young Masters"]
[Site "Aarhus"]
[Date "2005.08.18"]
[Round "7"]
[White "Palo, Davor"]
[Black "Kuzubov, Yuriy"]
[Result "1-0"]
[WhiteElo "2519"]
[BlackElo "2535"]
[PlyCount "47"]
[EventDate "2005.08.14"]
[EventType "tourn"]
[EventRounds "9"]
[EventCountry "DEN"]
[EventCategory "10"]
[SourceTitle "CBM 107 Extra"]
[Source "ChessBase"]
[SourceDate "2005.09.01"]

1. d4 d5 2. c4 c6 3. Nf3 Nf6 4. e3 Bf5 5. Nc3 e6 6. Nh4 Be4 7. f3 Bg6 8. Qb3
Qc7 9. Bd2 Nbd7 10. cxd5 exd5 11. O-O-O O-O-O 12. e4 dxe4 13. Nxg6 hxg6 14.
fxe4 Nb6 15. Bg5 Re8 16. Bd3 Be7 17. Qxf7 Nfd5 18. Qxg6 Nxc3 19. bxc3 Na4 20.
Bd2 c5 21. Bc2 Nb6 22. Qf5+ Kb8 23. Bf4 Bd6 24. e5 1-0

[Event "Grundfos Young Masters"]
[Site "Aarhus"]
[Date "2005.08.14"]
[Round "1"]
[White "Palo, Davor"]
[Black "Pedersen, Christian Kyndel"]
[Result "1/2-1/2"]
[WhiteElo "2519"]
[BlackElo "2364"]
[PlyCount "101"]
[EventDate "2005.08.14"]
[EventType "tourn"]
[EventRounds "9"]
[EventCountry "DEN"]
[EventCategory "10"]
[SourceTitle "CBM 107 Extra"]
[Source "ChessBase"]
[SourceDate "2005.09.01"]

1. d4 Nf6 2. c4 g6 3. Nf3 Bg7 4. g3 O-O 5. Bg2 d6 6. O-O Nbd7 7. Nc3 e5 8. h3
a6 9. Qc2 c6 10. Rd1 Qe7 11. e4 b5 12. c5 dxc5 13. dxe5 Ne8 14. Bg5 Qe6 15. Be3
Qe7 16. Ne2 c4 17. Bg5 Qc5 18. Be3 Qe7 19. Ned4 Bb7 20. Bg5 f6 21. exf6 Bxf6
22. Bh6 Bg7 23. Bxg7 Nxg7 24. Ne2 Nc5 25. Nc3 Rae8 26. Re1 Nge6 27. Re3 Nd3 28.
b3 Nb4 29. Qb2 cxb3 30. Qxb3 c5 31. Nd5 Qg7 32. Rd1 Nxd5 33. exd5 c4 34. Qa3
Nc7 35. Rxe8 Nxe8 36. d6 Nf6 37. Ng5 Bc8 38. Qc5 h6 39. Nf3 Kh7 40. Ne5 Nd7 41.
Nxd7 Bxd7 42. Re1 Rc8 43. Qa7 Re8 44. Rxe8 Bxe8 45. Qxa6 c3 46. Qc8 Bd7 47. Qc5
Bf5 48. g4 c2 49. Bf1 Bd3 50. d7 Qxd7 51. Bxd3 1/2-1/2

[Event "Grundfos Young Masters"]
[Site "Aarhus"]
[Date "2005.08.17"]
[Round "5"]
[White "Pedersen, Christian Kyndel"]
[Black "Glud, Jakob Vang"]
[Result "1/2-1/2"]
[WhiteElo "2364"]
[BlackElo "2313"]
[PlyCount "116"]
[EventDate "2005.08.14"]
[EventType "tourn"]
[EventRounds "9"]
[EventCountry "DEN"]
[EventCategory "10"]
[SourceTitle "CBM 107 Extra"]
[Source "ChessBase"]
[SourceDate "2005.09.01"]

1. e4 e6 2. d4 d5 3. e5 c5 4. c3 Qb6 5. Nf3 Bd7 6. Be2 cxd4 7. cxd4 Bb5 8. Nc3
Bxe2 9. Qxe2 Ne7 10. O-O Nec6 11. Be3 Be7 12. a3 a5 13. Rac1 Nd7 14. Ne1 O-O
15. Nd3 Qa6 16. Rfd1 Rfc8 17. Qg4 Nf8 18. h4 Kh8 19. Bg5 Bxg5 20. hxg5 Qb6 21.
Ne2 Rc7 22. Rc2 Rac8 23. Rcd2 Ng6 24. Ndf4 Nce7 25. Nc3 Qb3 26. Nxg6+ Nxg6 27.
Qe2 Qc4 28. Qxc4 Rxc4 29. Kf1 Kg8 30. Ke2 Ne7 31. Nb5 Rc2 32. Nd6 R8c7 33. Kd3
Rxd2+ 34. Rxd2 Nc8 35. Nb5 Rc6 36. Rd1 Kf8 37. Rh1 Kg8 38. Rd1 Kf8 39. Rh1 Kg8
40. g3 Nb6 41. b3 Nc8 42. Rb1 Nb6 43. Nd6 Rc7 44. Rb2 Nc8 45. Nb5 Rc1 46. Kd2
Rf1 47. Ke2 Rc1 48. Kd3 Kf8 49. Nc3 Na7 50. b4 a4 51. b5 Ra1 52. Nxa4 Rxa3+ 53.
Nc3 Nc8 54. Ra2 Rxa2 55. Nxa2 Nb6 56. Nc1 Nc4 57. Nb3 b6 58. Kc3 Ke7 1/2-1/2

[Event "Grundfos Young Masters"]
[Site "Aarhus"]
[Date "2005.08.18"]
[Round "7"]
[White "Pedersen, Christian Kyndel"]
[Black "Maze, Sebastien"]
[Result "1-0"]
[WhiteElo "2364"]
[BlackElo "2494"]
[PlyCount "147"]
[EventDate "2005.08.14"]
[EventType "tourn"]
[EventRounds "9"]
[EventCountry "DEN"]
[EventCategory "10"]
[SourceTitle "CBM 107 Extra"]
[Source "ChessBase"]
[SourceDate "2005.09.01"]

1. e4 g6 2. d4 Bg7 3. c4 d6 4. Nf3 e5 5. Nc3 Bg4 6. d5 a5 7. Be2 Na6 8. O-O Ne7
9. a3 O-O 10. Be3 h6 11. Ne1 Bxe2 12. Qxe2 f5 13. f3 f4 14. Bf2 Nc5 15. Qd1 g5
16. Kh1 Ng6 17. b4 axb4 18. axb4 Rxa1 19. Qxa1 Nb3 20. Qd1 Nd4 21. Bxd4 exd4
22. Nb5 Ne5 23. Nxd4 Nxc4 24. Nec2 Qf6 25. Qd3 Ne3 26. Nxe3 Qxd4 27. Qxd4 Bxd4
28. Nf5 Bc3 29. h4 Bxb4 30. Rb1 Ba5 31. Rxb7 Ra8 32. Nxh6+ Kh7 33. Nf7 Kg6 34.
Nxg5 Be1 35. Ne6 Bg3 36. Rb1 Kf6 37. Nxc7 Rh8 38. Kg1 Bxh4 39. Ne6 Ke5 40. Rd1
Bg3 41. Kf1 Ra8 42. Ke2 Kf6 43. Nd4 Ra2+ 44. Rd2 Ra1 45. Nf5 Ke5 46. Nxg3 fxg3
47. Ke3 Re1+ 48. Re2 Rf1 49. Kd3 Rd1+ 50. Ke3 Rf1 51. Ra2 Re1+ 52. Kd2 Rf1 53.
Ra8 Kd4 54. Ra4+ Ke5 55. Ke2 Rg1 56. Ra6 Rb1 57. Kd3 Rd1+ 58. Ke2 Rb1 59. Ra8
Kd4 60. Ra2 Rg1 61. Rd2+ Ke5 62. Rd1 Rxg2+ 63. Ke3 Ra2 64. f4+ Kf6 65. Rd3 g2
66. Rd1 Ra3+ 67. Kf2 Ra2+ 68. Kf3 Rb2 69. Re1 Ke7 70. Rg1 Rb3+ 71. Kxg2 Rb2+
72. Kf3 Rb3+ 73. Kg4 Kf6 74. Rh1 1-0

[Event "Grundfos Young Masters"]
[Site "Aarhus"]
[Date "2005.08.15"]
[Round "3"]
[White "Pedersen, Christian Kyndel"]
[Black "Balogh, Csaba"]
[Result "1-0"]
[WhiteElo "2364"]
[BlackElo "2537"]
[PlyCount "89"]
[EventDate "2005.08.14"]
[EventType "tourn"]
[EventRounds "9"]
[EventCountry "DEN"]
[EventCategory "10"]
[SourceTitle "CBM 107 Extra"]
[Source "ChessBase"]
[SourceDate "2005.09.01"]

1. e4 c5 2. Nf3 e6 3. Nc3 a6 4. d4 cxd4 5. Nxd4 b5 6. Bd3 Bb7 7. O-O Nc6 8. Nf3
d6 9. Qd2 Be7 10. a4 b4 11. Na2 Qa5 12. Qf4 Nf6 13. Bd2 O-O 14. c3 bxc3 15.
Bxc3 Qb6 16. b4 Rfd8 17. b5 axb5 18. axb5 Ne5 19. Nxe5 dxe5 20. Qf3 Ra3 21. Qe2
Bc5 22. Rad1 Rda8 23. Rd2 R3a4 24. Bxe5 Nxe4 25. Nc3 Nxd2 26. Nxa4 Rxa4 27.
Qxd2 Rg4 28. Bg3 h5 29. Be2 Rd4 30. Qc3 Rd5 31. Be5 f6 32. Bg3 Bd4 33. Qb3 Rg5
34. h4 Bd5 35. Qa3 Bc5 36. Qc3 Rg4 37. Bxg4 hxg4 38. Rc1 Bd4 39. Qc8+ Kh7 40.
Qe8 Bc5 41. h5 Be4 42. Qd7 Bd5 43. Qc7 Qxc7 44. Bxc7 Bd4 45. Bf4 1-0